| 000 | 00386nam a2200145Ia 4500 | ||
|---|---|---|---|
| 008 | 191201s2004 xx 000 0 und d | ||
| 082 |
_a005.26 _bGIM |
||
| 100 | _aGILMORE, Charles M | ||
| 245 | 0 | _aMicroprocessors Principles and Applications | |
| 250 | _a2nd | ||
| 260 |
_aNew Delhi _bTata Mc Graw Hill Pubg. co. Ltd _c2004 |
||
| 300 | _a556 | ||
| 650 | _aB.Tech(CSE) | ||
| 942 |
_2ddc _cBK |
||
| 999 |
_c1121 _d1121 |
||